| 000 | 00575nam a2200181Ia 4500 | ||
|---|---|---|---|
| 003 | GCL | ||
| 008 | 140319s9999 xx 000 0 ara d | ||
| 040 |
_aGCL / _cGCL |
||
| 082 | 0 | 4 |
_a257.1 _bا ا |
| 100 | 1 | _aمرتضى العسكرى | |
| 245 | 1 | 0 |
_aمعالم المدرستين بحوث المدرستين فى الصحابة والامامة / _cمرتضى العسكرى |
| 260 |
_a[S.N] : _bمكتبة مدبولى ، _c1993 |
||
| 490 | _a | ||
| 650 | 0 | 4 | _aالحديث |
| 650 | 0 | 4 | _aالصحابة |
| 650 | 0 | 4 | _aالصحابة والتابعون |
| 942 |
_2ddc _cBK |
||
| 999 |
_c28805 _d28805 |
||